000 00633nam a2200181Ia 4500
008 100920s9999 xx 000 0 und d
082 _b86061
_a28 व 375 थ 93
100 _aराजगुरू श्रीधर.
245 _aवंदेमातरम्र.
260 _bइंद्रायणी साहित्य प्रकाशन पुणे 30.
_c1993
300 _a28
_bसाधी
365 _b8
520 _aबा.वि.शालो.
630 _aवंदेमातरम्र.
650 _aबा.वि.शालो.
730 _aवंदेमातरम्र.
942 _cBOOK
999 _c726571
_d726568